| 000 | 00641na a2200241 4500 | ||
|---|---|---|---|
| 001 | 19356 | ||
| 003 | MIRAKIL | ||
| 005 | 20181213155244.0 | ||
| 008 | 161214b tu 000 0 | ||
| 020 | _a9753628056 | ||
| 035 | _a19356 | ||
| 040 |
_aMilas _btur _cTR-AnCHP |
||
| 041 | _atur | ||
| 082 |
_a320.09561 _bİ52t 2003 |
||
| 090 | _a320.09561 İ52t 2003 | ||
| 100 | _aİnan, Kamran | ||
| 245 |
_aTürkiye gerçeği _cKamran İnan |
||
| 260 |
_aİstanbul _bTimaş Yayınları _c2003 |
||
| 300 |
_a80 s. _c20 sm. |
||
| 650 |
_aSiyaset ve yönetim _xEleştiriler _zTürkiye |
||
| 651 |
_aTürkiye _xSiyasal durum |
||
| 942 |
_2ddc _cBKS |
||
| 999 |
_c9388 _d9388 |
||